Lecciones de Derecho Romano

Salvato in:
Dettagli Bibliografici
Autore principale: Cattan Atala, Ángela (autora)
Natura: Libro
Lingua:spagnolo
Pubblicazione: Santiago, Chile: Metropolitana 2018
Soggetti:
Tags: Aggiungi Tag
Nessun Tag, puoi essere il primo ad aggiungerne!!

MARC

LEADER 00000cam a2200000 a 4500
001 UCC4750
003 CL-VaPUC
005 20250320161915.0
008 180824e20180000cl |||||||||||||||||spa|d
999 |c 372168  |d 372166 
020 |a 9789562862516 
040 |c Pontificia Universidad Católica de Valparaíso 
082 0 4 |a 340.54 CAT 2018  |2 21 
100 1 |a Cattan Atala, Ángela  |e autora  |9 892898 
245 1 0 |a Lecciones de Derecho Romano 
260 |a Santiago, Chile:  |b Metropolitana  |c 2018 
300 |a 237 páginas 
583 |a last modification  |c 20190308 12:32:21  |k Rodrigo Vera 
650 0 |a Derecho romano  |x Historia y enseñanza  |9 897296 
650 0 |a Fuentes del derecho   |z Roma  |9 897297 
942 |c BK  |2 ddc 
945 |d 20180824 13:39:00  |a dcastane 
952 |0 0  |1 0  |3 erb  |4 0  |6 340_540000000000000_CAT_2018  |7 0  |8 A  |9 489447  |a BIBDER  |b BIBDER  |i 5491347  |l 26  |m 4  |o 340.54 CAT 2018  |p 5491347  |r 2025-05-08  |s 2025-05-02  |w 2019-11-24  |y BK  |z Catalogado en:20180824  |k DER 
952 |0 0  |1 0  |3 erb  |4 0  |6 340_540000000000000_CAT_2018  |7 0  |8 A  |9 489448  |a BIBDER  |b BIBDER  |i 5491339  |l 41  |m 5  |o 340.54 CAT 2018  |p 5491339  |q 2025-05-14  |r 2025-05-07  |s 2025-05-07  |w 2019-11-24  |y BK  |z Catalogado en:20180824  |k DER 
952 |0 0  |1 0  |3 erb  |4 0  |6 340_540000000000000_CAT_2018  |7 0  |8 A  |9 489449  |a BIBDER  |b BIBDER  |i 5491320  |l 22  |m 4  |o 340.54 CAT 2018  |p 5491320  |r 2025-03-19  |s 2025-03-12  |w 2019-11-24  |y BK  |z Catalogado en:20180824  |k DER 
952 |0 0  |1 0  |3 erb  |4 0  |6 340_540000000000000_CAT_2018  |7 0  |8 A  |9 489450  |a BIBDER  |b BIBDER  |i 5535352  |l 27  |m 5  |o 340.54 CAT 2018  |p 5535352  |r 2025-05-06  |s 2025-04-29  |w 2019-11-24  |y BK  |z Catalogado en:20190308  |k DER